| 000 | 00927cam a2200265 a 4500 | ||
|---|---|---|---|
| 001 | 13484975 | ||
| 005 | 20161120112211.0 | ||
| 008 | 040209t2005 njua frb 001 0 eng d | ||
| 020 | _a0131405632 | ||
| 020 | _a9780131405639 | ||
| 040 |
_aDLC _cDLC _dDLC _dEG-ScBUE _dEG-ScBUE |
||
| 082 | 0 | 4 |
_a005.275 _222 _bWIL |
| 100 | 1 |
_aWilkinson, Barry. _937075 |
|
| 245 | 1 | 0 |
_aParallel programming : _btechniques and applications using networked workstations and parallel computers / _cBarry Wilkinson, Michael Allen. |
| 250 | _a2nd ed. | ||
| 260 |
_aUpper Saddle River : _bPearson / Prentice Hall, _cc.2005. |
||
| 300 |
_axx, 467 p. : _bill. ; _c24 cm. |
||
| 500 | _aindex : p. 460-467. | ||
| 504 | _aIncludes bibliographical references. | ||
| 650 | 7 |
_aParallel programming (Computer science) _937076 _2BUEsh |
|
| 651 | _2BUEsh | ||
| 653 |
_bENGELC _cJanuary2015 _cNovember2016 |
||
| 700 | 1 |
_aAllen, C. Michael _937077 |
|
| 942 | _2ddc | ||
| 999 |
_c18842 _d18814 |
||